| 000 | 00466nam a2200157Ia 4500 | ||
|---|---|---|---|
| 999 |
_c14680 _d14680 |
||
| 082 | _aRK.0157 | ||
| 100 | _aKrishan Chand | ||
| 245 | 0 | _aGypsum for land reclamations : Impact of subsidy schemes | |
| 260 |
_c1993 _bICSSR, New Delhi |
||
| 300 | _a69p. | ||
| 650 | _aGYPSUM - PUNJAB | ||
| 650 | _aRECLAMATION OF LAND - PUNJAB | ||
| 650 | _aAGRICULTURAL SUBSIDIES - PUNJAB | ||
| 710 | _aCentre for Research and Industrial Development, Chandigarh | ||
| 942 |
_cRP _2ddc |
||